000 01146cam a22003374a 4500
005 20260322212048.0
008 data
010 _a 2004054438
020 _a0767917030
020 _a9780767917032
040 _aDLC
_cDLC
_dDLC
042 _apcc
050 0 0 _aQE28
_b.A38 2004
082 0 0 _a550
_222
092 _a550 A38 2004
100 1 _aAlbin, Edward F.
245 1 0 _aEarth science made simple /
_cEdward F. Albin, Frances Chamberlain & Philip Lief Group.
260 _aNew York :
_bBroadway Books,
_cc2004.
300 _axi, 212 p. :
_bill., maps ;
_c26 cm.
490 1 _aMade simple books
500 _a"A clear introduction to the science of our planet"--P. 1 of cover.
500 _a"No nonsense knowledge"--P. 1 of cover.
500 _aIncludes index.
650 0 _aEarth sciences.
700 1 _aChamberlain, Frances.
710 2 _aPhilip Lief Group.
830 0 _aMade simple (Broadway Books)
856 4 2 _3Contributor biographical information
_uhttp://www.loc.gov/catdir/bios/random056/2004054438.html
856 4 2 _3Publisher description
_uhttp://www.loc.gov/catdir/description/random051/2004054438.html
001 data
999 _c1136
_d1136